Statistics for Continents by Number of Lonely Planet 200 Cities

Click here to take the quiz!

General Stats

  • This quiz has been taken 45 times
  • The average score is 7 of 7

Answer Stats

HintAnswer% Correct
53Asia
100%
64Europe
100%
32North America
98%
25Africa
95%
16South America
95%
0Antarctica
88%
10Oceania
88%

Score Distribution

Percentile by Number Answered

Percent of People with Each Score

Your Score History

You have not taken this quiz